000
00219nam a22000857a 4500
008
161215b xxu||||| |||| 00| 0 eng d
100
_9
2063
_a
Singhal .A.R, et al
245
_a
Mathematics- VI
260
_a
NEW DELHI
_b
NCERT
_c
2005
999
_c
4932
_d
4932